Представление документа в формате RUSMARC

ПолеНазваниеЗначение
  Тип записи a
  Библиографический уровень m
001 Контрольный номер admiBOOK00013900
005 Дата корректировки 20140508173848.7
010 Индекс ISBN __
a ISBN 5-89349-759-7
d Цена 99.00
100 Данные общей обработки __
a Данные общей обработки 19020202 |||y0 y0189 ca
101 Язык документа __
a Язык текста rus
105 Кодированные данные (монография) __
a Кодированные данные (монография) zy
200 Заглавие и сведения об ответственности 0_
a Заглавие Введение в психологию развития
e Сведения, относящиеся к заглавию Учебное пособие
f Первые сведения об ответственности С.К.Нарватова-Бочавер, А.В.Потапова
205 Сведения об издании __
b Дополнительные сведения об издании Гриф УМО
210 Выходные данные __
a Место издания М
c Издательство Флинта
d Дата издания 2005
215 Физическое описание __
a Объем 216с.
606 Тематические рубрики __
a Основная рубрика Психология
x Основная подрубрика Психология личности
610 Ключевые слова __
a Ключевые слова Психология
a Ключевые слова Психология развития
a Ключевые слова Методы психологии развития
a Ключевые слова Теории психического развития
a Ключевые слова Онтогенез деятельности
a Ключевые слова Психические функции
a Ключевые слова психические процессы
a Ключевые слова Развитие общения
a Ключевые слова Развитие ощущений
a Ключевые слова Общение в социальной работе
a Ключевые слова Ощущуния
a Ключевые слова Развитие памяти
a Ключевые слова Развитие мышления
a Ключевые слова Развитие речи
a Ключевые слова Память
a Ключевые слова Мышление
a Ключевые слова Речь
a Ключевые слова Развитие личности
a Ключевые слова Личность
a Ключевые слова Самосознание
675 Индекс УДК __
a Индекс УДК 159.9(075.8)
686 Индексы других классификаций __
a Классификационный индекс 88.37
700 Автор _1
a Фамилия Нартова-Бочавер
b Имя С.К.
701 Альтернативная интеллектуальная ответственность _1
a Фамилия Потапова А.В.
852 Данные о местонахождении __
c Местонахождение стеллажа 88.37
j Шифр хранения 88
852 Данные о местонахождении __
b Сигла хранения ЧЗ_1
t Номер экземпляра 4
i Авторский знак Н28
p Инвентарный номер 135947
p Инвентарный номер 135948
p Инвентарный номер 136794
p Инвентарный номер 136795
901 Тип документа __
t Тип документа m
911 __
u 952a=Учбное пособие
u 952p=1632
u 952p=1639
938 Служебная информация __
a Название организации Саранский филиал
b Имя БД OUTPUT.MRC_Саранск
c Название АИБС АИБС Библиотека